000 08227nam a2200493Ia 4500
005 20210723101414.0
008 130821s1540 sz gr lat
040 _aCo-BoUCM
_bspa
_cSandra Yazo
_dSandra Yazo
041 0 _alat
082 0 4 _a189
_220
092 _aE21N087
100 1 _aAgustín
_cSanto
_cObispo de Hipona
_d354-430
_9935
242 0 0 _aTodas las obras de San Aurelio Agustín, Obispo de Hipona, según los códices más antiguos. Hoy, después de muchas ediciones, corregidas y revisadas cuidadosamente de todos los errores. Para que, con la calidad que merece, vuelva a brillar tan gran Doctor de la Iglesia
_yspa
245 1 0 _aOmnium Operum D. Aurelii Augustini Hipponensis episcopi primus tomus ad fidem vetustorum exemplarium, post omnium in huncusquem diem editiones denuo demum summa vigilantia repurgatorum a mendis innumeris ut optimo iure tantus Ecclesiae doctor renatus videri possit ...
260 _aBasilea (Suiza)
_bper Hieronymum Frobenium et Nicolaum Episcopium [Jerónimo Fröben y Nicolás Bischof]
_c1540-1543
300 _a4 tomos en 3 volúmenes [278] páginas, 846 ; 49-896 columnas, [2] páginas; 1032 ; 878 columnas ; [2] páginas 5-1198 ; 1486 columnas]
500 _aDetalles físicos V.1: Encuadernación rígida en madera forrada con piel muy deteriorada. Sin parte del lomo con nervaduras, sobre las tapas decoración con repujados (de rueda), formando cuadros concéntricos; conserva algunos de los herrajes. Ejemplar desencuadernado, varias hojas sueltas al inicio y final del libro portada después del índice impresa a una sola tinta con una grabado (representa el emblema de los Fröben; un caduceo en cuyos lados se aprecian las dos sílabas FRO - BEN). Dedicatoria (Arzobispo de Toledo, Alfonso de Fonseca, Primado de España, hecha por Erasmo de Rotterdam). Texto impreso en dos columnas en caracteres romanos sobre papel de calidad. Apostillas con referencias bíblicas, impresas en caracteres más pequeños. Deja los espacios disponibles para dibujar las mayúsculas capitales. Márgenes muy amplios. Signaturas. Reclamos. Registro final del índice y otro al final del texto. Dos colofones con fechas de 1541 y 1543. Al final, repite el emblema del editor.
500 _aDetalles físicos V.10: Encuadernación rígida en madera forrada con piel con repujados de rueda, tapa delantera suelta. Portada con grabado impreso a una sola tinta. Texto en dos columnas, completo, papel con algunas manchas, varias hojas sueltas. En la portada varias anotaciones: "Para el uso D. Meléndez". Seguida de: "De la Compañía de Jesús de Santafé. Es Duplicado". Sello de tinta: Del Colegio de Ntra. Sra. del Rosario". Entre las hojas desprendidas, hoja anexa sobre la historia de los Godos. Está, doblada, en el interior de esta obra. Falta página de las columnas 889 - 892, y rota página de las columnas 893-894.
500 _aDetalles físicos V.2-3: Sin encuadernación original, actualmente encuadernación rígida en cartón duro forrado en papel jaspeado; lomo de tela encolada líneas y letra en dorado. Incluye dos tomos en el volumen. Faltan las primeras páginas, incluyendo la portada del primer volumen, tiene registro final y colofón. Conserva portada que corresponde al V.3, texto incompleto.
500 _aDetalles físicos V.6: Encuadernación rígida en madera forrada con piel, ejemplar muy deteriorado. Visibles maculaturas en pergamino. Conserva su portada impresa a una sola tinta con un grabado. En la portada anotaciones manuscritas: "Para el uso D. Meléndez"; seguido: "De la Compañía de Jesús de Santafé. Es Duplicado". Y dos sellos de tinta: Del Colegio de Ntra. Sra. del Rosario", "El Colegio de Nuestra Señora del Rosario". También en la portada, anotación, en latín de la censura: "Este libro fue expurgado de conformidad con la norma expurgatoria del año 1707.
500 _aDetalles físicos V.9: Encuadernación primera en madera forrada con piel, guarda delantera suelta, falta piel del lomo; conserva portada impresa a una sola tinta, espacios entre el texto que corresponden a los espacios de las letras capitales. Apostillas con referencias bíblicas, impresas en caracteres más pequeños, papel con algunas manchas.
500 _aV.1, V.6, V.9 y V.10 intervención de restauración por John Jairo Martínez (22 de julio de 2021)
505 0 _aV.1: Índice con el contenido de los diez tomos de la colección. ; Obras de San Agustín: Las Confesiones. ; La Gramática. ; Principios dialécticos. ; Principios de Retórica. ; Sobre la música. ; Contra los Académicos. ; Tratado sobre el orden. ; Tratado sobre la vida feliz. ; Los soliloquios. ; Tratado sobre el maestro. ; Sobre la inmortalidad del alma. ; Sobre el libre albedrío. ; Sobre la religión verdadera. ; Explicación del Génesis, contra los maniqueos. ; Regla de San Agustín. ; Vida de San Agustín (de su primer biógrafo, Posidonio).
505 0 _aV.10: Tratado sobre las palabras del Señor: sermones sobre los evangelios de Mateo, Lucas y Juan. --Tratado sobre las palabras del Apóstol. ; Cincuenta homilías. ; Homilías para ciertos tiempos especiales del año litúrgico. ; Homilías varias sobre los santos y para sus fiestas. ; Exhortación a los hermanos eremitas.
505 0 _aV.2-3 (2): San Agustín. Libro de las Cartas -- V.2-3 (3): San Agustín. Obras dedicadas a la enseñanza: Sobre la doctrina cristiana. Locuciones. Obre la fe y el símbolo. Enquiridion a Laurencio. Los dogmas de la Iglesia. Sobre la fe, a Pedro diácono. Sobre la Trinidad. Sobre el Génesis. Maravillas de la Sagrada Escritura. La lucha de los cristianos. El trabajo de los monjes. Tratado sobre el espíritu y la letra. Pequeñas cuestiones sobre la Trinidad. Sentencias.
505 0 _aV.6: San Agustín. ; Obras polémicas: Sobres los herejes (a Quodvulteo). ; Polémicas con los judíos. ; Contra la carta fundamental de los maniqueos. ; Tratado de las dos almas, contra los maniqueos. ; Contra Fortunato. ; Contra Adamato. ; Contra Fausto. ; Contra Secundino. ; Sobre la naturaleza del bien, contra los maniqueos. ; A Orosio, contra los seguidores de Prisciliano y de Orígenes. ; Contra los arrianos. ; Contra el arriano Máximo. ; Sobre la bondad del matrimonio, contra Joviniano. ; Tratado sobre los epicúreo y los estoicos. ; Sobre la expresión "yo soy el que soy".
505 0 _aV.9: Obras sobre el Nuevo Testamento: Exposiciones sobre el Evangelio de Juan, sobre la Carta de San Juan y sobre el Apocalipsis de Juan. -- Opúsculos varios: Libro de Meditaciones. ; Tratado sobre el amor a Dios, Soliloquios. ; Libro sobre la vida cristiana. ; Sobre el desprecio del mundo y la vanidad del siglo. ; Sermón sobre las bondades de la disciplina. ; Serón sobre la sobriedad y la virginidad. ; Sermón sobre este tiempo bárbaro. ; Sobre el símbolo de la fe, para los catecúmenos. ; Sobre la conveniencia de los diez mandamientos ...
506 _aConsulta en sala.
546 _aTexto en latín.
600 1 4 _aAgustín
_d354-430
_xColección de escritos
_9935
_cSanto, Obispo de Hipona
650 7 _aApologética
_99245
650 7 _aFilosofía medieval
_915832
650 7 _aPadres de la iglesia
_920982
_xColección de escritos
650 7 _aTeología dogmática
_925234
690 _aTeología
_925230
700 1 _aBischof, Nicolás
_962382
700 1 _aFröben, Jerónimo
_962383
740 _aDecimus tomus operum D. Aurelii Augustini Hipponensis episcopus continens reliqua tractata ad populum ...
740 _aNonus tomus operum D. Aurelii Augustini Hipponensis episcopus continens illius tractatus ... in novum testamentum, cum aliis varii generi opusculis ...
740 _aSecundus tomus operum D. Aurelii Augustini Episcopi Hipponensis : complectens illius epistolas
740 _aSextus tomus Operum D. Aurelii Augustini Hipponensis episcopus continens "ta polemiká" ...
856 4 1 _zDisponible en línea V.6
_uhttp://books.google.com.co/books?id=Oeyz3ZLOkJoC&printsec=frontcover&dq=operum+D.+Aurelii+Augustini+Hipponensis++1542&source=bl&ots=lBpYFSi6m1&sig=sFWX86r7Uf42arIxESncOkBc50A&hl=es&sa=X&ei=m5c2UMeBF6ariAKg4oDABQ&redir_esc=y#v=onepage&q&f=false
942 _cLIBRO
_a2
_e1
_2LOCAL
_hE21N087
999 _c38187
_d38187